000
00491nam a2200169Ia 4500
008
090711s9999 xx 000 0 und d
082
_b
70758
100
_a
वागळे वि. द.
245
_a
काटेरी फुलोरा
260
_c
1993
300
_a
271
600
_a
वागळे वि. द.
630
_a
काटेरी फुलोरा
700
_a
वागळे वि. द.
730
_a
काटेरी फुलोरा
942
_c
BOOK
999
_c
317781
_d
317781